King arthur / (Record no. 8486)

MARC details
000 -LEADER
fixed length control field 00782nam a22002417a 4500
001 - CONTROL NUMBER
control field 8486
003 - CONTROL NUMBER IDENTIFIER
control field FISKH
005 - DATE AND TIME OF LATEST TRANSACTION
control field 20250915143802.0
008 - FIXED-LENGTH DATA ELEMENTS--GENERAL INFORMATION
fixed length control field 250915b cb ||||| |||| 00| 0 eng d
020 ## - INTERNATIONAL STANDARD BOOK NUMBER
International Standard Book Number 9780439057011
040 ## - CATALOGING SOURCE
Original cataloging agency FISKH
Language of cataloging eng
Transcribing agency FISKH
Modifying agency FISKH
050 ## - LIBRARY OF CONGRESS CALL NUMBER
Classification number PZ7.W47 K
082 ## - DEWEY DECIMAL CLASSIFICATION NUMBER
Classification number 741.5973
100 ## - MAIN ENTRY--PERSONAL NAME
Personal name West, Terry M.
245 ## - TITLE STATEMENT
Title King arthur /
Statement of responsibility, etc. By Terry M. West : Based on the story " The sword in the stone "
260 ## - PUBLICATION, DISTRIBUTION, ETC.
Place of publication, distribution, etc. New York :
Name of publisher, distributor, etc. Scholastic ,
Date of publication, distribution, etc. 1999.
300 ## - PHYSICAL DESCRIPTION
Extent 19 pages :
Other physical details color illustrations ;
Dimensions 19 cm .
490 ## - SERIES STATEMENT
Series statement Read 180
Volume/sequential designation Stage B, Level 1
520 ## - SUMMARY, ETC.
Summary, etc. A graphic novel based on "The sword in the stone" tells the story of how a knight became king.<br/>
700 ## - ADDED ENTRY--PERSONAL NAME
Personal name Lilly, Michael
Relator term Penciller
942 ## - ADDED ENTRY ELEMENTS (KOHA)
Source of classification or shelving scheme Dewey Decimal Classification
Koha item type Books
Suppress in OPAC No
Holdings
Withdrawn status Lost status Source of classification or shelving scheme Damaged status Not for loan Home library Current library Shelving location Date acquired Total Checkouts Full call number Barcode Date last seen Copy number Price effective from Koha item type
    Dewey Decimal Classification     Footprints International School Library Network Toul Tom Poung Campus Footprints International School Library Network Toul Tom Poung Campus TTP Comic Books all Levels 09/15/2025   WES 741.5973 PZ7.W47 K FISSE00896 09/15/2025 1 09/15/2025 Books
    Dewey Decimal Classification     Footprints International School Library Network Toul Tom Poung Campus Footprints International School Library Network Toul Tom Poung Campus TTP Comic Books all Levels 01/21/2026   WES 741.5973 PZ7.W47 K FIS05531 01/21/2026 2 01/21/2026 Books